| 000 | 00445nam a2200181Ia 4500 | ||
|---|---|---|---|
| 001 | 14913 | ||
| 005 | 20260306164949.0 | ||
| 008 | 260306t2016||||xx |||||||||||||| ||spa|| | ||
| 041 | _aESP | ||
| 082 |
_a519.5 _bM58 |
||
| 100 |
_aMillones, Rosa _eAUT |
||
| 245 | 0 | _aEstadística aplicada a la ingeniería y los negocios | |
| 260 | _c2016 | ||
| 300 |
_a499 páginas : _c27 cm. |
||
| 650 | _aGEN | ||
| 654 | _aCMA | ||
| 942 |
_cLIB _dJUS _fJUS _2ddc _n |
||
| 999 |
_c14913 _d14913 |
||